Human resource management: Text and cases (Record no. 15994)
[ view plain ]
| 000 -LEADER | |
|---|---|
| fixed length control field | 00485nam a2200181Ia 4500 |
| 008 - FIXED-LENGTH DATA ELEMENTS--GENERAL INFORMATION | |
| fixed length control field | 230917s9999||||xx |||||||||||||| ||und|| |
| 020 ## - ISBN | |
| Price | RS475 |
| 040 ## - CATALOGING SOURCE | |
| -- | 228225 |
| Original cataloging agency | VIVEKANANDA LIBRARY |
| 041 ## - Language | |
| -- | English |
| 082 ## - DDC NUMBER | |
| Classification number | 658.3 P192H(2) |
| 100 ## - MAIN ENTRY--PERSONAL NAME | |
| Personal name | Pande, Sharon |
| 245 #0 - TITLE STATEMENT | |
| Title | Human resource management: Text and cases |
| 250 ## - EDITION STATEMENT | |
| Edition statement | 2nd ed. |
| 260 ## - PUBLICATION, DISTRIBUTION, ETC. (IMPRINT) | |
| Place of publication, distribution, etc | Noida |
| Name of publisher, distributor, etc | Vikas Publishing |
| Date of publication, distribution, etc | 2015 |
| 300 ## - PHYSICAL DESCRIPTION | |
| Pages | xix, 594 p. |
| 500 ## - GENERAL NOTE | |
| General note | 2113 11/09/2015 HBD15/6497 21/09/2015 Main Budget |
| 942 ## - ADDED ENTRY ELEMENTS (KOHA) | |
| Koha item type | Books |
| Withdrawn status | Lost status | Damaged status | Not for loan | Location (home branch) | Sublocation or collection (holding branch) | Shelving location | Date acquired | Koha issues (times borrowed) | Koha full call number | Accession No. | Koha date last seen | Koha item type |
|---|---|---|---|---|---|---|---|---|---|---|---|---|
| VIVEKANANDA LIBRARY | VIVEKANANDA LIBRARY | IMSAR Library | 25/01/2016 | 658.3 P192H(2) | 351108 | 17/09/2023 | Books | |||||
| VIVEKANANDA LIBRARY | VIVEKANANDA LIBRARY | 25/01/2016 | 658.3 P192H(2) | 352073 | 17/09/2023 | Books |
